Writ remedies : (Record no. 77379)

MARC details
000 -LEADER
fixed length control field 00741nam a22002177a 4500
005 - DATE AND TIME OF LATEST TRANSACTION
control field 20130711110158.0
010 ## - LCCN (DPL NO)
LC control number ENG-107941
020 ## - INTERNATIONAL STANDARD BOOK NUMBER
Terms of availability 1995.00
International Standard Book Number 9788180388507
035 ## - SYSTEM CONTROL NUMBER
System control number EN-91474
037 ## - SOURCE OF ACQUISITION
Source of stock number/acquisition DBAD/PUB
100 ## - MAIN ENTRY--PERSONAL NAME
Personal name Banerjee, Bhagabati Prosad
245 00 - TITLE STATEMENT
Title Writ remedies :
Statement of responsibility, etc by Bhagabati Prosad Banerjee, Bhaskar Prosad Banerjee [and] Sankar Prosad Banerjee
Remainder of title Remediable rights under Public Law /
250 ## - EDITION STATEMENT
Edition statement 6th ed
260 ## - PUBLICATION, DISTRIBUTION, ETC. (IMPRINT)
Place of publication, distribution, etc Gurgaon
Name of publisher, distributor, etc Lexis Nexis
Date of publication, distribution, etc 2013
270 ## - ADDRESS
Address 14th Floor, Bldg. No.10, Tower-B, DLF Cyber City, Phase-II
City Gurgaon
Postal code 122002
300 ## - PHYSICAL DESCRIPTION
Extent cxx,1391p.
Dimensions 26cm(Hb)
500 ## - GENERAL NOTE
General note Includes subject index
700 ## - ADDED ENTRY--PERSONAL NAME
Personal name Banerjee, Bhaskar Prosad
700 ## - ADDED ENTRY--PERSONAL NAME
Personal name Banerjee, Sankar Prosad
942 ## - ADDED ENTRY ELEMENTS (KOHA)
Source of classification or shelving scheme Dewey Decimal Classification
Item type English Books
Call number suffix BAN
Holdings
Withdrawn status Lost status Not for loan Collection code Home library Current library Date acquired Source of acquisition Cost, normal purchase price Full call number Barcode Copy number Cost, replacement price Koha item type
    Not For Loan Non-fiction D.B.Act.Division D.B.Act.Division 11/07/2013 DBAD/PUB 1995.00 BAN EN-91474 1 1995.00 English Books

© Delhi Public Library
Hit Counter
free hit counter